000 00811nam a2200277Ia 4500
005 20210727153456.0
008 170503s2007 s a g 000 0 s
020 _a9788426127952
041 _aspa
082 0 4 _a395.122
_bA43m
100 1 _aAliki
245 0 0 _aModales
_cAliki ; traducción Concepción Zendrera
250 _a4a. edición
300 _a30 páginas
_bilustraciones
_c26 cm
650 1 4 _2LEMB
_aCortesía
650 1 4 _2LEMB
_aEtiqueta
650 1 4 _2LEMB
_aUsos y costumbres
650 1 4 _2LEMB
_aConducta (Ética)
700 1 _aZendrera, Concepción
_etraductora
942 _2ddc
_cBK
264 _aBarcelona
_bJuventud
_c2007
336 _atexto
_btxt
_2rdacontent
337 _asin mediación
_bn
_2rdamedia
338 _avolumen
_bnc
_2rdacarrier
040 _aCO-BoRNBP
_bspa
_erda
_cCO-BoRNBP
999 _c8687
_d8687